01296 2200277 4500001002100000005001500021035002000036008004100056020002200097041000800119082001100127084001700138100001900155245005500174250001400229260005200243300002700295500001900322520049700341650002400838650003200862650005900894700001300953990002600966990002600992INLIS00000000000084120221108050848 a0010-0520000841221108 | | eng  a978-0-521-81158-9 aeng a347.94 a347.94 CAM a0 aCampbell, Enid14aAustralian Judiciary /cEnid Campbell and H.P. Lee a1 st. Ed. aCambridge :bCambriedge University Press,c2001 axxii, 298 p. ;c24 cm. aIndeks : Index aThis work strives to be the definitive book on the Australian judiciary, comprehensively covering its history, organization, functions, problems and future. Apart from a wealth of descriptive material about different tiers of courts and judges and the role of the judiciary as the third sector of government, the authors offer analysis and commentary about judicial conduct, judicial independence, the work of judges beyond the courts, accountability and the dangers to judicial institutions. 4a1. Courts-Australia 4a2. Courts-Australia-History 4a3. Judges-Australia 4. Judicial Power-Australia0 aH.P. Lee a06925/MKRI-P/XII-2007 a06925/MKRI-P/XII-2007